000
00195nam a2200085 4500
001
1258896
005
20260402101013.0
245
_a
KELİLE İLE DİMNE
_c
NESLİHAN BEYHAN
260
_b
SEMERKAND ÇOCUK
999
_c
1258896
_d
1258896